[Event "Hofheim Spring op-B 6th"]
[Site "Hofheim"]
[Date "2018.04.05"]
[Round "5"]
[White "Pessotschinski, Eduard"]
[Black "Jelisavac, Nenad"]
[Result "0-1"]
[WhiteElo "1383"]
[BlackElo "1646"]
[PlyCount "58"]
[EventDate "2018.04.03"]
[EventType "swiss"]
[EventRounds "9"]
[EventCountry "GER"]
[SourceTitle "EXT 2020"]
[Source "ChessBase"]
[SourceDate "2019.10.17"]
[SourceVersion "1"]
[SourceVersionDate "2019.10.17"]
[SourceQuality "1"]

1. e4 e5 2. Nf3 Nc6 3. d4 exd4 4. Nxd4 Bc5 5. Nxc6 bxc6 6. Nc3 Nf6 7. Bg5 d6 8. Qf3 h6 9. Bxf6 Qxf6 10. Qxf6 gxf6 11. Bc4 Be6 12. Bd3 d5 13. 0-0 Rg8 14. Kh1 0-0-0 15. Ne2 dxe4 16. Bxe4 Bc4 17. Bd3 Bxd3 18. cxd3 Rxd3 19. Rac1 Rd5 20. g3 Kb7 21. Rc2 Bb6 22. Nf4 Rd6 23. Re1 Rgd8 24. Kg2 Rd2 25. Rec1 Bxf2 26. Rxc6 Bb6+ 27. Kh3 Rxb2 28. Rxf6 Be3 29. Rc3 Bd4 0-1

[Event "Stuttgart-chC int"]
[Site "Ditzingen"]
[Date "2014.05.29"]
[Round "2"]
[White "Zacke, Tamara"]
[Black "Jelisavac, Nenad"]
[Result "0-1"]
[WhiteElo "1143"]
[BlackElo "1344"]
[PlyCount "52"]
[EventDate "2014.05.29"]
[EventType "swiss"]
[EventRounds "7"]
[EventCountry "GER"]
[SourceTitle "EXT 2015"]
[Source "ChessBase"]
[SourceDate "2014.11.20"]
[SourceVersion "1"]
[SourceVersionDate "2014.11.20"]
[SourceQuality "1"]

1. e4 c5 2. Bc4 e6 3. Nc3 a6 4. a4 Nc6 5. d3 Nf6 6. f4 d5 7. exd5 exd5 8. Ba2 Be7 9. Nf3 Bg4 10. 0-0 0-0 11. h3 Bxf3 12. Qxf3 Nb4 13. Bb3 c4 14. dxc4 dxc4 15. Bxc4 Qd4+ 16. Be3 Qxc4 17. Rac1 Bc5 18. Bxc5 Qxc5+ 19. Kh1 Qc6 20. Qxc6 Nxc6 21. Rcd1 Rad8 22. Rf3 Rxd1+ 23. Nxd1 Rd8 24. Ne3 Rd7 25. Rg3 Ne4 26. Rf3 Nd4 0-1

[Event "Hofheim Spring op-C 2nd"]
[Site "Hofheim"]
[Date "2014.04.26"]
[Round "7"]
[White "Schwarz, Daniel"]
[Black "Jelisavac, Nenad"]
[Result "1/2-1/2"]
[WhiteElo "1147"]
[BlackElo "1344"]
[PlyCount "84"]
[EventDate "2014.04.23"]
[EventType "swiss"]
[EventRounds "7"]
[EventCountry "GER"]
[SourceTitle "CBM 160 Extra"]
[Source "ChessBase"]
[SourceDate "2014.07.01"]
[SourceVersion "1"]
[SourceVersionDate "2014.07.01"]
[SourceQuality "1"]

1. e4 c5 2. Nf3 e6 3. d4 cxd4 4. Nxd4 a6 5. Nc3 Nf6 6. Bd3 Qc7 7. 0-0 b5 8. a3 Bb7 9. Be3 d6 10. Qe2 Nbd7 11. Rad1 g6 12. f3 Bg7 13. Qd2 h5 14. Be2 Rc8 15. Kh1 Ng8 16. h3 Bh6 17. Bxh6 Nxh6 18. Rc1 Ne5 19. Rfd1 Nc4 20. Bxc4 bxc4 21. Nde2 d5 22. exd5 exd5 23. Nxd5 Bxd5 24. Qxd5 Rd8 25. Qxd8+ Qxd8 26. Rxd8+ Kxd8 27. Rd1+ Ke7 28. Rd4 Rc8 29. g4 hxg4 30. hxg4 Rc6 31. Nc3 Ke6 32. Kg2 f5 33. g5 Nf7 34. f4 Rd6 35. Rxd6+ Kxd6 36. Kf3 Kc5 37. Ke3 Nd8 38. b4+ cxb3 39. cxb3 Nc6 40. Kd3 a5 41. Ne2 Kd5 42. Nc3+ Kc5 1/2-1/2

[Event "Stuttgart-chC int"]
[Site "Ditzingen"]
[Date "2013.05.09"]
[Round "2"]
[White "Walliser, Pascal"]
[Black "Jelisavac, Nenad"]
[Result "1-0"]
[WhiteElo "1157"]
[BlackElo "1390"]
[PlyCount "95"]
[EventDate "2013.05.09"]
[EventType "swiss"]
[EventRounds "7"]
[EventCountry "GER"]
[SourceTitle "EXT 2014"]
[Source "ChessBase"]
[SourceDate "2013.11.20"]
[SourceVersion "1"]
[SourceVersionDate "2013.11.20"]
[SourceQuality "1"]

1. e4 d5 2. exd5 Qxd5 3. Nc3 Qd8 4. Nf3 e6 5. d4 c6 6. Bf4 Bd6 7. Qd2 Qc7 8. Bxd6 Qxd6 9. Qe3 Nf6 10. Bd3 Nbd7 11. 0-0 0-0 12. Nd2 Nb6 13. Nce4 Qe7 14. Nxf6+ Qxf6 15. Ne4 Qe7 16. c4 Nd7 17. f4 f5 18. Ng5 g6 19. Qxe6+ Qxe6 20. Nxe6 Rf7 21. Ng5 Rf8 22. c5 Nf6 23. Rfe1 h6 24. Ne6 Bxe6 25. Rxe6 Rae8 26. Re5 Kg7 27. Rae1 Rd8 28. Re7+ Rf7 29. Rxf7+ Kxf7 30. Bc4+ Kg7 31. Re7+ Kf8 32. Rf7+ Ke8 33. Rxf6 Rxd4 34. Re6+ Kd7 35. Rd6+ Rxd6 36. cxd6 Kxd6 37. h4 g5 38. hxg5 hxg5 39. fxg5 Ke5 40. Bf7 b5 41. g6 Kf6 42. Kf2 a5 43. Ke3 c5 44. Kd3 a4 45. Kc3 f4 46. b4 c4 47. Bxc4 bxc4 48. b5 1-0